বৃহত্তর পাবনা জেলার প্রত্নতাত্ত্বিক জরিপ প্রতিবেদন / (Record no. 54246)
[ view plain ]
| 000 -LEADER | |
|---|---|
| fixed length control field | 00995nam a2200229 a 4500 |
| 001 - CONTROL NUMBER | |
| control field | 54246 |
| 003 - CONTROL NUMBER IDENTIFIER | |
| rucl marc code | BD-RjUL |
| 005 - DATE AND TIME OF LATEST TRANSACTION | |
| control field | 20211209080107.0 |
| 008 - FIXED-LENGTH DATA ELEMENTS--GENERAL INFORMATION | |
| fixed length control field | 161103s1997 bg ||||| |||| 00| 0 ben d |
| 020 ## - INTERNATIONAL STANDARD BOOK NUMBER | |
| Terms of availability | : TK 99.00 |
| 035 ## - SYSTEM CONTROL NUMBER | |
| System control number | (BD-RjUL)54368 |
| 040 ## - CATALOGING SOURCE | |
| Original cataloging agency | BD-RjUL |
| Language of cataloging | ben |
| Transcribing agency | BD-RjUL |
| 041 ## - LANGUAGE CODE | |
| Language code of text/sound track or separate title | ben |
| 082 ## - DEWEY DECIMAL CLASSIFICATION NUMBER | |
| Edition number | 23 |
| Classification number | 913.0954924 |
| Author mark and year | KHB 1997 |
| 100 ## - MAIN ENTRY--PERSONAL NAME | |
| Personal name | খালিকুজ্জামান, মোঃ |
| 9 (RLIN) | 161913 |
| 245 10 - TITLE STATEMENT | |
| Title | বৃহত্তর পাবনা জেলার প্রত্নতাত্ত্বিক জরিপ প্রতিবেদন / |
| Statement of responsibility, etc. | মোঃ খালিকুজ্জামান |
| 260 ## - PUBLICATION, DISTRIBUTION, ETC. (IMPRINT) | |
| Place of publication, distribution, etc. | ঢাকা : |
| Name of publisher, distributor, etc. | প্রত্নতত্ত্ব অধিদপ্তর, |
| Date of publication, distribution, etc. | ১৯৯৭ |
| 300 ## - PHYSICAL DESCRIPTION | |
| Pagination | ৭৩ পৃ. : |
| Illustrations | চিত্র ; |
| Size | ২৩ সেমি. |
| 650 ## - SUBJECT ADDED ENTRY--TOPICAL TERM | |
| Topical term or geographic name as entry element | Travel In Ancient World |
| Geographic subdivision | Bangladesh |
| 9 (RLIN) | 161914 |
| 700 ## - ADDED ENTRY--PERSONAL NAME | |
| Personal name | আহমদ, নাজিমুদ্দীন, সম্পাদক |
| 942 ## - ADDED ENTRY ELEMENTS (KOHA) | |
| Source of classification or shelving scheme | Dewey Decimal Classification |
| Koha item type | Books |
| Lost status | Source of classification or shelving scheme | Damaged status | Not for loan | Collection code | Permanent Location | Current Location | Shelving location | Date acquired | Source of acquisition | Cost, normal purchase price | Total Checkouts | Full call number | Date last seen | Copy number | Koha item type |
|---|---|---|---|---|---|---|---|---|---|---|---|---|---|---|---|
| Dewey Decimal Classification | Non-fiction | Central Library, University of Rajshahi | Central Library, University of Rajshahi | 12/12/2000 | Protnototta Odhidoptor, Dhaka | 99.00 | B 913.0954924 KHB 1997 | 03/11/2016 | C-2 | Books | |||||
| Dewey Decimal Classification | Not For Loan | Non-fiction | Central Library, University of Rajshahi | Central Library, University of Rajshahi | Reading Room | 12/12/2000 | Protnototta Odhidoptor, Dhaka | 99.00 | B 913.0954924 KHB 1997 | 30/04/2017 | C-1 | Books |